| 000 | 00665nam a22001937a 4500 | ||
|---|---|---|---|
| 003 | 1 | ||
| 005 | 20220318080106.0 | ||
| 008 | 220318b xxu||||| |||| 00| 0 eng d | ||
| 020 | _a978-0-385-74007-4 | ||
| 050 |
_aCT275 _b.M45115A3 1999 |
||
| 100 | _aMah,Adeline Yen | ||
| 245 |
_aChinese Cinderella: _bthe true story of an unwanted daughter _cAdeline Yen Mah |
||
| 260 |
_aNew York _bRandom House Children's Book _cc1999 |
||
| 300 |
_a134 pp.; _c12 cm. |
||
| 500 | _aAdeline Yen Mah- Juvenile Literature | ||
| 500 | _aChinese Americans-California-Biography-Juvenile Literature | ||
| 500 | _aChina-Social life and Customs- Juveline literature | ||
| 942 |
_2lcc _cBK |
||
| 999 |
_c364706 _d364706 |
||